• 首页
  • 本馆介绍
  • 公告通知
  • 最新文献
  • 馆藏检索
  • 电子资源
  • 读者导购
  • 参考咨询
  • 我的图书馆
  • 登录
  • 详细信息显示
  • 放入我的书架
  • 预约/预借图书
  • 作者相关作品
  • 分类相关作品
  • 丛书相关作品
  • 出版社相关作品

书目信息

  • 表格格式
  • 工作单格式
  • 卡片格式
题名:
电子技术基础实验
    
 
作者: 吴慎山 主编
分册:  
出版信息: 北京   电子工业出版社  2014
页数: 356页
开本: 26cm
丛书名:
单 册:
中图分类: TN01-33
科图分类:
主题词: 电子技术--实验--高等教育--教材 , 电子技术
电子资源:
ISBN: 978-7-121-23127-8
000 00953nam0 2200277 450
001 007178513
005 20170418141930.87
010    @a978-7-121-23127-8@dCNY58.00
100    @a20140703d2014 em y0chiy50 ea
101 0  @achi
102    @aCN@b110000
105    @aa z 000yy
106    @ar
200 1  @a电子技术基础实验@9dian zi ji shu ji chu shi yan@f吴慎山主编
205    @a2版
210    @a北京@c电子工业出版社@d2014
215    @a356页@c图@d26cm
300    @a“十二五”普通高等教育本科国家级规划教材
330    @a本书共分7章,内容包括:绪论、电子技术实验基础﹑PSPICE 9.2设计软件﹑低频电子技术基础实验、数字电子技术基础实验﹑高频电子技术基础实验﹑常用电子测量仪器等。
333    @a从事电子产品开发、设计、生产的科技人员
606 0  @a电子技术@x实验@x高等教育@j教材
606 0  @a电子技术
690    @aTN01-33@v5
701  0 @a吴慎山@9wu shen shan@f(1949-)@4主编
801  0 @aCN@bNLC@c20140711
905    @b983918-21@dTN01-33@e127=2@f4
    
    电子技术基础实验/吴慎山主编.-2版.-北京:电子工业出版社,2014
    356页:图;26cm
    “十二五”普通高等教育本科国家级规划教材.-使用对象:从事电子产品开发、设计、生产的科技人员
    
    ISBN 978-7-121-23127-8:CNY58.00
    本书共分7章,内容包括:绪论、电子技术实验基础﹑PSPICE 9.2设计软件﹑低频电子技术基础实验、数字电子技术基础实验﹑高频电子技术基础实验﹑常用电子测量仪器等。
●
相关链接 在E读中查询图书 在五车中查询图书 在当当中查询图书 在豆瓣中查询图书


正题名:电子技术基础实验     索取号:TN01-33/127=2         预约/预借

序号 登录号 条形码 馆藏地/架位号 状态 备注
1 983918   209839184   第二样本阅览室/ [索取号:TN01-33/127=2] 在馆    
2 983919   209839193   密集书库-物理学院/ [索取号:TN01-33/127=2] 在馆    
3 983920   209839200   第三借阅区/ [索取号:TN01-33/127=2] 在馆    
4 983921   209839219   第三借阅区/ [索取号:TN01-33/127=2] 在馆    
唐山师范学院图书馆 欢迎您!
大连网信软件有限公司© 版权所有